000 00914nmc a2200301 a 4500
003 AR-BaBNM
005 20251128211645.0
008 195020s2000 ||||||||||||||000 | spa||
020 _a84-7827-245-3
040 _cAR-BaBNM
100 1 _aGiné, Núria
245 1 0 _aEvaluación en la educación secundaria
_belementos para la reflexión y recursos para la práctica
250 _a1ª ed.
260 _aBarcelona
_bGraó
_c2000
300 0 _a156 p.
490 0 _aColección Graó. Serie Metodología y Recursos
_v153
504 _aIncluye bibliografía al final del volumen
650 4 _aEVALUACION DEL ALUMNO
650 4 _aMETODOS DE EVALUACION
650 4 _aEVALUACION FORMATIVA
650 4 _aEVALUACION DEL DOCENTE
650 4 _aEVALUACION DEL PROGRAMA
653 _aEDUCACION SECUNDARIA
653 _aINVESTIGACION ACCION
700 1 _aParcerisa, Artur
942 _cBK
998 _ccalidad
999 _c20606
_d20606